1067 1209 1976 1618 1051 1416 1841 1835 1532 1974 1345 1999 1381 1236 1416 1832 1487 1501 1770 1479 1002 1540 1093 1609 1365 1718 1143 1014 1742 1095 1472 1641 1968 1421 1261 1559 1794 1106 1473 1514 1297 1549 1949 1965 1814 1848 1986 1245 1631 1691 1565 1156 1348 1247 1978 1661 1993 1715 1774 1632 1739 1874 1969 1677 1785 1492 1617 1709 1912 1788 1717 1164 1658 1652 1558 1019 1763 1020 1011 1331 1065 1145 1471 1648 1811 1271 1884 1238 1315 1974 1174 1169 1886 1669 1888 1693 1823 1637 1694 BCNSPRNW ULIB Ver.6.0+V

เปลี่ยนเป็นภาษาไทย

Change to English
 แสดงรายละเอียดบรรณานุกรม
  กลับหน้าหลัก

Brief Record : Get Marc (ISO 2709) : E-mail record : QR code < ปิดหน้าต่าง
LEADER : 00000nam 2200000uu 4500
001    13399108290
003     ULIB
008    110227s2552||||th 000 0 tha d
020    9789748377292(ล.1)
060 04 WY100^bว695ค ล.1
245 00 คู่มือการวางแผนการพยาบาลโดยใช้กระบวนการพยาบาล.^nเล่มที่ 1/^cโดย คณะกรรมการพัฒนาการวางแผนการพยาบาลโดยใช้กระบวนการพยาบาล วิทยาลัยพยาบาลกองทัพบก
250    พิมพ์ครั้งที่ 2
260    กรุงเทพฯ :^bวิทยาลัยพยาบาล...,^c2552
300    [15], 159 หน้า ;^c30 ซม.
650  7 การพยาบาล
650  7 การวางแผนการพยาบาล
710 2  วิทยาลัยพยาบาลกองทัพบก.^bคณะกรรมการพัฒนาการวางแผนการพยาบาลโดยใช้กระบวนการพยาบาล
945    ^p200^l0^i16256
945    ^p200^l0^i17960
945    ^p200^l0^i17961
945    ^p200^l0^i16259
945    ^p200^l0^i17962
995    เกษร
999    ^aใช้งานได้ทุกระบบ
รายการนี้ยังไม่มีแท็ก
คุณยังไม่ได้ล็อกอิน คุณสามารถมีกิจกรรมร่วมกับเว็บไซต์ได้ แต่ต้องล็อกอินก่อน ::
  ล็อกอิน

รายการสื่อสารสนเทศ

ลำดับที่ ประเภท เลขเรียก/บาร์โค้ด สถานที่ สถานะ
1. Book การพยาบาล
Book การพยาบาล
WY100 ว695ค ล.1  
  Barcode: 16259
ห้องสมุดวิทยาเขตสวรรค์ประชารักษ์
►หนังสือทั่วไป
บนชั้น

รายการใกล้เคียง
    หัวเรื่อง [การพยาบาล]
    หัวเรื่อง [การวางแผนการพยาบาล]

BibComment


ยังไม่เคยถูกคอมเมนท์

คอมเมนท์ทรัพยากรรายการนี้
  คอมเมนท์: คู่มือการวางแผนกา..


 Copyright 2026. Bcnsprnw @Library